00894nam a2200241 4500003001100000005001700011008004100028020001500069040003900084041000800123082001500131100002500146130009500171245005900266260003900325300004200364490006100406650004200467650003100509942000700540952009000547999001500637LK-CoMWRAF20231213105326.0231213b2001 |||||||| |||| 00| 0 eng d a955582021X aLK-CoMWRAFdLK-CoMWRAFeLK-CoMWRAF aeng a303.6bABA aAbayasekera, Jeffrey aA history of ethnic conflict in Sri Lanka: recollection, reinterpretation & reconciliation a The role of the churches : ba historical perspective aColombo: bMarga Institute, c2001 a12 p. ; 23 cmb Bibliography included aMarga monograph series on ethnic reconciliation vno. 18 aChurch and social problems- Sri Lanka aEthnic conflict- Sri Lanka cBK 00104070aMAINbMAINd2023-12-13l0o303.6 ABApRAF4529r2023-12-13w2023-12-13yBK c4393d4393